书目信息 |
| 题名: |
《反杜林论》中的自然科学
|
|
| 作者: | 朱英 编著 | |
| 分册: | ||
| 出版信息: | 北京 中国青年出版社 1979 |
|
| 页数: | 438页 | |
| 开本: | 19cm | |
| 丛书名: | ||
| 单 册: | ||
| 中图分类: | A811.24 | |
| 科图分类: | ||
| 主题词: | 恩格斯著作研究-反杜林论 , 马克思主义哲学--研究 | |
| 电子资源: | ||
| ISBN: | ||
| 000 | 00780nam0 2200265 45 | |
| 001 | 0179003732 | |
| 005 | 20060721104200.64 | |
| 010 | @d¥1.00 | |
| 091 | @aCN@b13009.243 | |
| 100 | @a19950713d1979 em y0chiy0121 ea | |
| 101 | 0 | @achi |
| 102 | @aCN@b110000 | |
| 105 | @ay z 000yy | |
| 200 | 12 | @a《反杜林论》中的自然科学@Afan du lin lun zhong de zi ran ke xue@f朱英等编著 |
| 210 | @a北京@c中国青年出版社@d1979 | |
| 215 | @a438页@d19cm | |
| 300 | @a青年科学普及读物 | |
| 517 | 1 | @a反杜林论中的自然科学@Afan du lin lun zhong de zi ran ke xue |
| 605 | @a反杜林论@x恩格斯著作研究 | |
| 606 | @a恩格斯著作研究-反杜林论 | |
| 606 | @a马克思主义哲学@x研究 | |
| 690 | @aA811.24@v3 | |
| 701 | 0 | @a朱英@Azhu ying@4编著 |
| 801 | 0 | @aCN@bTSSF@c20060721 |
| 905 | @dA811.24@e180 | |
| 《反杜林论》中的自然科学/朱英等编著.-北京:中国青年出版社,1979 |
| 438页;19cm |
| 青年科学普及读物 |
| ISBN :¥1.00 |
| ● |
| 相关链接 |
|
|
|
|
正题名:《反杜林论》中的自然科学
索取号:A811.24/180
 
预约/预借
| 序号 | 登录号 | 条形码 | 馆藏地/架位号 | 状态 | 备注 |
| 1 | 0424829 | 204248297 | 密集书库/ [索取号:A811.24/180] | 在馆 |